00363nam a2200157Ia 4500008004100000020001500041041001200056082001600068100001500084245003500099250000800134260002500142300000800167650001400175700001600189221030s9999 xx 000 0 und d a0070402671 aEnglish a105.23bDav aG.B. Davis 0aManagement Information Systems a2nd bTMHaNew Delhic2006 a693 aComputers aM. H. Olson